000 01842nam a22004217a 4500
003 CHAP
005 20220329134724.0
008 971013s1965 r 00010 d
010 _a24808
011 _a25780
035 _a29880
040 _cCHAP
082 _a338.174
_bB7
100 0 0 _aBrom Rojas, Emilio.
_915511
245 _aZacatlán, promoción frutícula ; apuntes de fruticultura
260 _aChapingo, Méx. :
_bENA,
_c1965
300 _a54 p.
590 _aBATCH-UPD
_b10
_c20130110
_lUCH01
_h2055
590 _aCONVERSION
_b10
_c20130109
_lUCH01
_h1314
650 1 4 _aFruta
_xIndustria.
_943625
901 _aBK
942 _cLIBRO
949 _a338.174 B7
_bBC
_cLIBRO
_d-141324
_eLIBRO
_fc.5
_h5801
_i29880
_si
949 _a338.174 B7
_bBC
_cLIBRO
_d-141341
_eLIBRO
_fc.16
_h5809
_i29880
_si
949 _a338.174 B7
_bBC
_cLIBRO
_d-141342
_eLIBRO
_fc.17
_h5810
_i29880
_si
949 _a338.174 B7
_bBC
_cLIBRO
_d-141343
_eLIBRO
_fc.18
_h5811
_i29880
_si
949 _a338.174 B7
_bBC
_cLIBRO
_d33724000117768
_eLIBRO
_fc.9
_h5805
_i29880
_si
949 _a338.174 B7
_bBC
_cLIBRO
_d33724000154597
_eLIBRO
_fc.19
_h5812
_i29880
_si
949 _a338.174 B7
_bBC
_cLIBRO
_d33724000154605
_eLIBRO
_fc.12
_h5807
_i29880
_si
949 _a338.174 B7
_bBC
_cLIBRO
_d33724000154613
_eLIBRO
_fc.6
_h5802
_i29880
_si
949 _a338.174 B7
_bBC
_cLIBRO
_d33724000154621
_eLIBRO
_fc.4
_h5800
_i29880
_si
949 _a338.174 B7
_bBC
_cLIBRO
_d33724000154639
_eLIBRO
_fc.3
_h5799
_i29880
_si
949 _a338.174 B7
_bBC
_cLIBRO
_d33724000154647
_eLIBRO
_h5797
_i29880
_si
949 _a338.174 B7
_bBC
_cLIBRO
_d33724000154654
_eLIBRO
_fc.10
_h5806
_i29880
_si
949 _a338.174 B7
_bBC
_cLIBRO
_d33724000154670
_eLIBRO
_fc.8
_h5804
_i29880
_si
949 _a338.174 B7
_bBC
_cLIBRO
_d33724002056439
_eLIBRO
_fc.2
_h5798
_i29880
_sb
949 _a338.174 B7
_bBC
_cLIBRO
_d33724002207892
_eLIBRO
_fc.11
_i29880
_si
999 _c24808
_d24808